National Bamboo Seminar 1 : Proceedings of the seminar : towards the management, conservation, marketing and utilization of bamboos, 2-4 November 1992, Forest Research Institute Malaysia, Kuala Lumpur

Bibliographic Details
Corporate Authors: SEMINAR towards the Management, Conservation, Marketing and Utilization of Bamboo, Institut Penyelidikan Perhutanan Malaysia (FRIM)
Other Authors: Aminuddin Mohamad, Wan Razali Wan Mohd
Format: Book
Published: Kuala Lumpur : Institut Penyelidikan Perhutanan Malaysia , 1994
Subjects:

MARC

LEADER 00000cam a2200000 7i4500
001 0000000445
005 20000817.0
020 0 0 |a 9839592297 
090 0 0 |a 633.5809595   |b SEM 1994 
110 1 0 |a SEMINAR towards the Management, Conservation, Marketing and Utilization of Bamboo   |k 1992   |j Kuala Lumpur 
245 1 0 |a National Bamboo Seminar 1 :   |b Proceedings of the seminar : towards the management, conservation, marketing and utilization of bamboos, 2-4 November 1992, Forest Research Institute Malaysia, Kuala Lumpur   |c edited by Wan Razali Wan Mohd, Aminuddin Mohamad 
260 0 0 |a Kuala Lumpur :   |b Institut Penyelidikan Perhutanan Malaysia ,   |c 1994 
300 |a 228 p. :   |b ill., maps ;   |c 30 cm. 
500 0 0 |a Includes bibliographical references 
650 0 0 |a Bamboo furniture   |x Congresses 
650 0 0 |a Bamboo   |z Malaysia   |x Congresses 
650 0 0 |a Bamboo   |z Malaysia   |x Economic aspects   |x Congresses 
650 0 0 |a Bamboo   |z Malaysia   |x Planting   |x Congresses 
700 0 1 |a Aminuddin Mohamad 
700 0 1 |a Wan Razali Wan Mohd. 
710 1 1 |a Institut Penyelidikan Perhutanan Malaysia (FRIM) 
999 |a 0000000760   |b Monograph   |c Open Shelf   |e Default branch